Les enfants et l'enseignement des langues étrangères

Збережено в:
Бібліографічні деталі
Автор: O'Neil, Charmian
Формат: Книга
Мова:Undetermined
Опубліковано: Francia DIDIER 1993
Предмети:
Теги: Додати тег
Немає тегів, Будьте першим, хто поставить тег для цього запису!

MARC

LEADER 00000nam a2200000Ia 4500
008 170316s9999 xx 000 0 und d
090 |a 410 O-2.1e 
100 |a O'Neil, Charmian 
245 |a Les enfants et l'enseignement des langues étrangères 
260 |a Francia 
260 |b DIDIER 
260 |c 1993 
300 |a 287 páginas 
650 |a LINGÜÍSTICA 
999 |c 18641  |d 18641 
040 |a cru BVZT 
942 |c 15 D  |h 410 O-2.1e  |2 z